Jackie Collins : hollywood husbands and rock star
| Main Author: | |
|---|---|
| Format: | Book |
| Published: |
London :
Chancellor Press ,
1992
|
MARC
| LEADER | 00000cam a2200000 7i4500 | ||
|---|---|---|---|
| 001 | 0000000427 | ||
| 002 | 000000504 | ||
| 005 | 20000330.0 | ||
| 020 | |a 1851522816 | ||
| 090 | 0 | 0 | |a F |b COL |
| 100 | 1 | |a Collins, Jackie | |
| 245 | 1 | 0 | |a Jackie Collins : |b hollywood husbands and rock star |c Jackie Collins |
| 260 | |a London : |b Chancellor Press , |c 1992 | ||
| 300 | |a 648p ; |c 23cm. | ||
| 999 | |a 029362 |b BUKU |c FICTION |e PERPUSTAKAAN KOMUNITI PETALING JAYA | ||